The political economy of the Egyptian revolution : (Record no. 19389)
[ view plain ]
| 000 -LEADER | |
|---|---|
| fixed length control field | 01268cam a22003135a 4500 |
| 001 - CONTROL NUMBER | |
| control field | 18058363 |
| 005 - DATE AND TIME OF LATEST TRANSACTION | |
| control field | 20150602151154.0 |
| 008 - FIXED-LENGTH DATA ELEMENTS--GENERAL INFORMATION | |
| fixed length control field | 140306s2013 enka frb 001 0 eng d |
| 020 ## - INTERNATIONAL STANDARD BOOK NUMBER | |
| International Standard Book Number | 1137395915 (cloth) |
| 020 ## - INTERNATIONAL STANDARD BOOK NUMBER | |
| International Standard Book Number | 9781137395917 (cloth) |
| 040 ## - CATALOGING SOURCE | |
| Original cataloging agency | DLC |
| Transcribing agency | DLC |
| Modifying agency | EG-ScBUE |
| 043 ## - GEOGRAPHIC AREA CODE | |
| Geographic area code | f-ua--- |
| 082 04 - DEWEY DECIMAL CLASSIFICATION NUMBER | |
| Edition number | 22 |
| Classification number | 330.962055 |
| Item number | ROC |
| 100 1# - MAIN ENTRY--PERSONAL NAME | |
| Personal name | Roccu, Roberto. |
| 9 (RLIN) | 38051 |
| 245 14 - TITLE STATEMENT | |
| Title | The political economy of the Egyptian revolution : |
| Remainder of title | Mubarak, economic reforms and failed hegemony / |
| Statement of responsibility, etc | Roberto Roccu. |
| 260 ## - PUBLICATION, DISTRIBUTION, ETC. (IMPRINT) | |
| Place of publication, distribution, etc | Basingstoke ; |
| -- | New York : |
| Name of publisher, distributor, etc | Palgrave Macmillan, |
| Date of publication, distribution, etc | 2013. |
| 300 ## - PHYSICAL DESCRIPTION | |
| Extent | x, 139 p. : |
| Other physical details | tables ; |
| Dimensions | 22 cm. |
| 500 ## - GENERAL NOTE | |
| General note | Index : p. 136-139. |
| 504 ## - BIBLIOGRAPHY, ETC. NOTE | |
| Bibliography, etc | Bibliography : p. 122-135. |
| 520 8# - SUMMARY, ETC. | |
| Summary, etc | Focusing on the economic reforms adopted under Mubarak, Roberto Roccu provides the first account of the deeper socio-economic dynamics that made the 2011 Egyptian revolution possible. |
| 600 1# - SUBJECT ADDED ENTRY--PERSONAL NAME | |
| Personal name | Mubārak, Muḥammad Ḥusnī, |
| Dates associated with a name | 1928- |
| 650 ## - SUBJECT ADDED ENTRY--TOPICAL TERM | |
| Source of heading or term | BUEsh |
| 651 #0 - SUBJECT ADDED ENTRY--GEOGRAPHIC NAME | |
| Geographic name | Egypt |
| General subdivision | Economic conditions |
| Chronological subdivision | 21st century. |
| Source of heading or term | BUEsh |
| 651 #0 - SUBJECT ADDED ENTRY--GEOGRAPHIC NAME | |
| Geographic name | Egypt |
| General subdivision | Politics and government |
| Chronological subdivision | 21st century. |
| Source of heading or term | BUEsh |
| 651 #0 - SUBJECT ADDED ENTRY--GEOGRAPHIC NAME | |
| Geographic name | Egypt |
| General subdivision | History |
| Chronological subdivision | Protests, 2011- |
| Source of heading or term | BUEsh |
| 9 (RLIN) | 36450 |
| 653 ## - INDEX TERM--UNCONTROLLED | |
| Resource For college | BAEPS, Political Science |
| Arrived date list | May2015 |
| 655 ## - INDEX TERM--GENRE/FORM | |
| Form subdivision | |
| -- | 34232 |
| 942 ## - ADDED ENTRY ELEMENTS (KOHA) | |
| Source of classification or shelving scheme | Dewey Decimal Classification |
| Call number prefix | 330.962055 ROC |
| Withdrawn status | Item status | Source of classification or shelving scheme | Damaged status | Not for loan | Vendor | Home library | Current library | Shelving location | Date acquired | Source of acquisition | Cost, normal purchase price | Serial Enumeration / chronology | Total Checkouts | Total Renewals | Full call number | Barcode | Date last seen | Date last borrowed | Cost, replacement price | Koha item type |
|---|---|---|---|---|---|---|---|---|---|---|---|---|---|---|---|---|---|---|---|---|
| Dewey Decimal Classification | Baccah | Central Library | Central Library | First floor | 20/05/2015 | 457.00 | 22487 | 7 | 28 | 330.962055 ROC | 000038258 | 15/07/2025 | 07/02/2022 | 571.00 | Book - Borrowing |